Quiz wiedzy o Kwidzynie #1 - Statystyki

Ogólne statystyki
  • Ten quiz został rozwiązany 46 razy
  • Średni wynik to 8 z 10
Statystyki odpowiedzi
Zagadnienie Odpowiedź % Poprawnych
W jakim województwie położony jest Kwidzyn? Pomorskie
97%
Jakie tablice rejestracyjne na samochodach osobowych posiada Powiat Kwidzyński? GKW
94%
Która z podanych wsi znajduje się w gminie Kwidzyn? Korzeniewo
85%
Kto jest obecnym burmistrzem Kwidzyna? Sebastian Piotr Kasztelan
85%
Który z podanych youtuberów mieszka w Kwidzynie? Tidzimi
85%
Jaka rzeka przepływa przez Kwidzyn? Liwa
82%
Jaką Kwidzyn ma populację? 36 731
79%
W którym roku został założony Kwidzyn ? 1233
59%
Jak nazywa się rezerwat przyrody znajdujący się w Kwidzynie? Kwidzyńskie Ostnice
47%
Jaką powierzchnie ma Kwidzyn? 21,54 km²
44%
Nie znaleziono quizów pasujących do podanych kryteriów
Rozkład punktacji
Procent ludzi z każdym wynikiem
Percentyl według liczby udzielonych odpowiedzi
Twoja historia wyników
Nie rozwiązałeś tego quizu